000 00403nam a2200181Ia 4500
100 _aCourant/Richard/ John
650 _aCalculus
490 _v1
942 _cBK
366 _f20
654 _acalculus
245 _aIntroduction to calculus and analysis
260 _bSpringer International
_aNew Delhi
_c1989
082 _a515.6/COU
_bCOU
300 _a661
546 _aENGLISH
999 _c30976
_d30976